| 000 | 00791cam a2200277 a 4500 | ||
|---|---|---|---|
| 005 | 20260322212052.0 | ||
| 008 | data | ||
| 010 | _a 2002191931 | ||
| 020 | _a0060514930 (acidfree paper) | ||
| 020 | _a978-0060514938 (acid-free paper) | ||
| 040 |
_aDLC _cDLC _dCtY |
||
| 043 | _an-us-pa | ||
| 050 | 0 | 0 |
_aPS3569.C725 _bD43 2003 |
| 099 | _aSCOTTL | ||
| 100 | 1 | _aScottoline, Lisa. | |
| 245 | 1 | 0 |
_aDead ringer / _cLisa Scottoline. |
| 250 | _a1st ed. | ||
| 260 |
_aNew York : _bHarperCollins, _cc2003. |
||
| 300 |
_a339 p. ; _c24 cm. |
||
| 650 | 0 |
_aRosato & Associates (Imaginary organization) _vFiction. |
|
| 650 | 0 |
_aIdentity (Psychology) _vFiction. |
|
| 650 | 0 |
_aFalse personation _vFiction. |
|
| 650 | 0 |
_aWomen lawyers _vFiction. |
|
| 651 | 0 |
_aPhiladelphia (Pa.) _vFiction. |
|
| 001 | data | ||
| 999 |
_c1241 _d1241 |
||